AH International Schools' Libraries

LEGO: Rebel Alliance / (Record no. 48832)

MARC details
000 -LEADER
fixed length control field 00382nam a2200121 4500
020 ## - INTERNATIONAL STANDARD BOOK NUMBER
International Standard Book Number 9780241247778
100 ## - MAIN ENTRY--PERSONAL NAME
Personal name Dolan, Hannah,
Relator term editor.
9 (RLIN) 85431
245 ## - TITLE STATEMENT
Title LEGO: Rebel Alliance /
Statement of responsibility, etc Edited by Hannah Dolan.
260 ## - PUBLICATION, DISTRIBUTION, ETC. (IMPRINT)
Place of publication, distribution, etc London :
Name of publisher, distributor, etc Dorling Kindersley ;
Date of publication, distribution, etc 2015
650 ## - SUBJECT ADDED ENTRY--TOPICAL TERM
9 (RLIN) 51076
Topical term or geographic name as entry element Star Wars films
Form subdivision Juvenile literature.
General subdivision Characters
650 ## - SUBJECT ADDED ENTRY--TOPICAL TERM
9 (RLIN) 55826
Topical term or geographic name as entry element LEGO toys.
942 ## - ADDED ENTRY ELEMENTS (KOHA)
Source of classification or shelving scheme
Koha item type Book
Holdings
Withdrawn status Lost status Source of classification or shelving scheme Damaged status Not for loan Home library Current library Date acquired Total Checkouts Full call number Barcode Date last seen Date checked out Price effective from Koha item type
          Logos International School Logos International School 04/10/2025 1 J 791.4375 LEG 040610 03/02/2026 02/23/2026 04/10/2025 Book

For any Logos Library related questions please contact Miss Art at swongnarasuk@asianhope.org.

For any Asian Hope Library related questions please contact Miss Raza at graza@asianhope.org.

Powered by Koha